000 00313nam a22001337a 4500
008 170505b xxu||||| |||| 00| 0 eng d
020 _a9780314037183
041 _aeng
080 _23RD
_a34
100 _a15
101 _aSHJ
245 _aMODERN CONSTITUTIONAL THEORY: A READER
_cGARVEY, J.H
942 _2udc
_cBK
999 _c12771
_d12771